| 000 | 00933nam0a22002531 4500 | ||
|---|---|---|---|
| 001 | rc\900195 | ||
| 005 | 20250622034351.0 | ||
| 035 | _a(NLR Aleph) 006075922 | ||
| 090 |
_a5047220 _c5047220 |
||
| 100 | _a20041129d1984 |||y0rusy50 ca | ||
| 101 | 0 | _arus | |
| 102 | _aRU | ||
| 105 | _aa ||||||||| | ||
| 200 | 1 | _aТормозное излучение глюонов в процессах с большой передачей импульса | |
| 210 |
_aМ. _cБ. и. _d1984 |
||
| 215 |
_a[1], 13 с. _cил. _d20 |
||
| 225 | 1 |
_aПрепринт _fАН СССР, Физ. ин-т имени П.Н. Лебедева, Отд. теорет. физики _v№ 131 _iФизика высоких энергий |
|
| 320 | _aБиблиогр.: с. 12 | ||
| 700 | 1 |
_aПурыгин _bИ.В. _gИван Валентинович |
|
| 801 | 0 |
_aRU _bNLR _gpsbo |
|
| 801 | 1 |
_aRU _bELAR _2rusmarc |
|
| 852 |
_aNLR _j84-4/27333 |
||
| 942 | _cBOOK | ||
| 980 | _aNB | ||